000
00317nam a22001337a 4500
008
240312b |||||||| |||| 00| 0 eng d
020
_a
9789356060760
100
_a
S. K. Ciccarelli & J. N. White
245
_a
Psychology
250
_a
6th Ed
260
_a
Noida
_b
Pearson
_c
2024
300
_a
679
942
_2
ddc
_c
BK
999
_c
20597
_d
20597